<?xml version="1.0" encoding="UTF-8"?>
<collection xmlns="http://www.loc.gov/MARC21/slim">
    <record>
        <controlfield tag="001">76005</controlfield>
        <controlfield tag="005">20200117213747.0</controlfield>
        <datafield tag="024" ind1="8" ind2=" ">
            <subfield code="2">sideral</subfield>
            <subfield code="a">108913</subfield>
        </datafield>
        <datafield tag="037" ind1=" " ind2=" ">
            <subfield code="a">ART-2018-108913</subfield>
        </datafield>
        <datafield tag="041" ind1=" " ind2=" ">
            <subfield code="a">spa</subfield>
        </datafield>
        <datafield tag="100" ind1=" " ind2=" ">
            <subfield code="0">(orcid)0000-0002-2493-7661</subfield>
            <subfield code="a">Peiro Martin, I.</subfield>
            <subfield code="u">Universidad de Zaragoza</subfield>
        </datafield>
        <datafield tag="245" ind1=" " ind2=" ">
            <subfield code="a">Colección Santamarca. Esplendor barroco: De Luca Giordano a Goya y la pintura romántica</subfield>
        </datafield>
        <datafield tag="260" ind1=" " ind2=" ">
            <subfield code="c">2018</subfield>
        </datafield>
        <datafield tag="506" ind1="0" ind2=" ">
            <subfield code="a">Access copy available to the general public</subfield>
            <subfield code="f">Unrestricted</subfield>
        </datafield>
        <datafield tag="520" ind1="3" ind2=" ">
            <subfield code="a">La Diputación Provincial de Zaragoza ha presentado en el Palacio de Sástago de la capital aragonesa una exposición antológica de la pintura de la Colección Santamarca de Madrid, propiedad de la Fundación de Santamarca y de San Ramón y San Antonio (FUSARA).
La colección debe su nombre a su fundador, Bartolomé de Santamarca y Donato (1806-1874), conde de Santamarca desde 1863 (título pontificio luego convertido en título del reino), hombre de negocios y rico propietario, consejero del Banco de España y senador. Hacia mediados de siglo comenzó a coleccionar tanto pintura antigua como contemporánea, de los paisajistas Vicente Camarón, los hermanos Antonio y José Brugada, y Jenaro Pérez Villaamil. A la muerte del I conde de Santamarca, heredó su hija Carlota (1849-1914) el título, la fortuna y el palacio familiar de la calle de Alcalá, en el que se encontraba la colección. Como su padre, incrementó la colección adquiriendo cuadros a otros artistas contemporáneos como la pareja de Escenas de galanteo de Dióscoro de la Puebla, entre otros...</subfield>
        </datafield>
        <datafield tag="540" ind1=" " ind2=" ">
            <subfield code="9">info:eu-repo/semantics/openAccess</subfield>
            <subfield code="a">by</subfield>
            <subfield code="u">http://creativecommons.org/licenses/by/3.0/es/</subfield>
        </datafield>
        <datafield tag="592" ind1=" " ind2=" ">
            <subfield code="a">0.131</subfield>
            <subfield code="b">2018</subfield>
        </datafield>
        <datafield tag="593" ind1=" " ind2=" ">
            <subfield code="a">Visual Arts and Performing Arts</subfield>
            <subfield code="c">2018</subfield>
            <subfield code="d">Q2</subfield>
        </datafield>
        <datafield tag="655" ind1=" " ind2="4">
            <subfield code="a">info:eu-repo/semantics/other</subfield>
            <subfield code="v">info:eu-repo/semantics/publishedVersion</subfield>
        </datafield>
        <datafield tag="710" ind1="2" ind2=" ">
            <subfield code="1">3009</subfield>
            <subfield code="2">450</subfield>
            <subfield code="a">Universidad de Zaragoza</subfield>
            <subfield code="b">Dpto. Historia Moder. Contemp.</subfield>
            <subfield code="c">Área Historia Contemporánea</subfield>
        </datafield>
        <datafield tag="773" ind1=" " ind2=" ">
            <subfield code="g">91, 364 (2018), 441-442</subfield>
            <subfield code="p">Arch. esp. arte</subfield>
            <subfield code="t">Archivo español de arte</subfield>
            <subfield code="x">0004-0428</subfield>
        </datafield>
        <datafield tag="856" ind1="4" ind2="1">
            <subfield code="u">http://xn--archivoespaoldearte-53b.revistas.csic.es/index.php/aea/article/download/1051/1083</subfield>
            <subfield code="z">Texto completo de la revista</subfield>
        </datafield>
        <datafield tag="856" ind1="4" ind2=" ">
            <subfield code="s">98895</subfield>
            <subfield code="u">http://zaguan.unizar.es/record/76005/files/texto_completo.pdf</subfield>
            <subfield code="y">Versión publicada</subfield>
        </datafield>
        <datafield tag="856" ind1="4" ind2=" ">
            <subfield code="s">103177</subfield>
            <subfield code="u">http://zaguan.unizar.es/record/76005/files/texto_completo.jpg?subformat=icon</subfield>
            <subfield code="x">icon</subfield>
            <subfield code="y">Versión publicada</subfield>
        </datafield>
        <datafield tag="909" ind1="C" ind2="O">
            <subfield code="o">oai:zaguan.unizar.es:76005</subfield>
            <subfield code="p">articulos</subfield>
            <subfield code="p">driver</subfield>
        </datafield>
        <datafield tag="951" ind1=" " ind2=" ">
            <subfield code="a">2020-01-17-21:30:09</subfield>
        </datafield>
        <datafield tag="980" ind1=" " ind2=" ">
            <subfield code="a">ARTICLE</subfield>
        </datafield>
    </record>

    
</collection>